00307nam a2200121Ia 4500008004100000040001700041041001200058082001600070100001000086245003800096260003800134300001300172230917s9999||||xx |||||||||||||| ||und|| e146126aMAIN aEnglish a301.426 I2F aIndia 0aFamily welfare programme in India aNew DelhibIndia governmentc1987 a364p. p.